Historia eclesiástica de Chile
Guardado en:
| Autor principal: | |
|---|---|
| Formato: | Libro |
| Lenguaje: | español |
| Publicado: |
Santiago, Chile
Imprenta de San José
1925
|
| Materias: | |
| Etiquetas: |
Agregar Etiqueta
Sin Etiquetas, Sea el primero en etiquetar este registro!
|
MARC
| LEADER | 00000nam a2200000 a 4500 | ||
|---|---|---|---|
| 001 | UCP4961 | ||
| 003 | CL-VaPUC | ||
| 005 | 20241126101313.0 | ||
| 008 | 990821e19250000CL |||||||||||||||||spa|d | ||
| 999 | |c 282849 |d 282847 | ||
| 040 | |c Pontificia Universidad Católica de Valparaíso | ||
| 082 | 0 | 4 | |a 278.3 SIL 1925 |2 21 |
| 100 | 0 | |a Silva Cotapos, Carlos |e author |9 433074 | |
| 245 | 1 | 0 | |a Historia eclesiástica de Chile |
| 260 | |a Santiago, Chile |b Imprenta de San José |c 1925 | ||
| 300 | |a 387 páginas | ||
| 583 | |a last modification |c 19990821 00:00:00 |k Rodrigo Vera | ||
| 650 | 7 | |a HISTORIA ECLESIASTICA |2 CL-VaPUC |9 433075 |z CHILE | |
| 650 | 0 | |a Órdenes religiosas |z CHILE |9 257499 | |
| 650 | 0 | |a Jesuitas |z CHILE |9 268366 | |
| 650 | 0 | |a Historia de Chile |9 265473 | |
| 650 | 7 | |a EVANGELIZACION |2 CL-VaPUC |9 433076 |z CHILE | |
| 650 | 0 | |a Iglesia católica y problemas sociales |x PROBLEMAS SOCIALES |z CHILE |9 255796 | |
| 852 | |a BIBCUR | ||
| 942 | |c BK |2 ddc | ||
| 945 | |d 19990821 00:00:00 |a crobeson | ||
| 952 | |0 0 |1 0 |2 ddc |4 0 |6 278_300000000000000_SIL_1925 |7 0 |8 X |9 325331 |a BIBHIS |b BIBHIS |d 2019-11-20 |i 1355988 |o 278.3 SIL 1925 |p 1355988 |r 2024-01-30 |t 1 |w 2019-11-20 |y BK_X |k HIS | ||
| 952 | |0 0 |1 0 |2 ddc |4 0 |6 278_300000000000000_SIL_1925 |7 0 |8 X |9 325332 |a FDOBUD |b FDOBUD |d 2019-11-20 |i 1007580 |o 278.3 SIL 1925 |p 1007580 |r 2019-11-20 |t 3 |w 2019-11-20 |y BK_X |k BUD | ||
| 952 | |0 0 |1 0 |2 ddc |4 0 |6 278_300000000000000_SIL_1925 |7 0 |8 X |9 325333 |a FDOBUD |b FDOBUD |d 2019-11-20 |i 1020668 |o 278.3 SIL 1925 |p 1020668 |r 2019-11-20 |t 4 |w 2019-11-20 |y BK_X |k BUD | ||
| 952 | |0 0 |1 0 |2 ddc |4 0 |6 278_300000000000000_SIL_1925 |7 0 |8 X |9 325334 |a BIBHIS |b BIBHIS |d 2019-11-20 |i 4430085 |l 1 |o 278.3 SIL 1925 |p 4430085 |r 2024-01-30 |s 2023-05-24 |t 2 |w 2019-11-20 |y BK_X |k HIS | ||